00456 2200181 4500245008400000250001100084100001800095700002000113700002000133700001700153650001600170005001900186260001800205041001400223084000800237300002000245336000900265 aKoleksi Karya Siswa Kelas X-Perhotelan b : Cerita PendekcTaqy HitopoushText aCet. 1 aTaqy Hitopous aCindie Clarissa aMuhammad Rayhan aHayyu Hepita aKarya Siswa a20240131080829 aJakartac2024 aIndonesia a081 ailus. :c25 cm. atext